000 00334 a2200157 4500
001 195028
040 _cMagnum
100 _aAntonio Filho
240 1 0 _aUma estória de assombrar
_lpor
245 1 0 _aUma estória de assombrar
300 _a17
362 0 _a2013
440 1 _aSEDUC
697 _aLITERATURA INFANTO
942 _cBK
999 _c195028
_d195028